00429nam a2200157Ia 450000500170000000800410001704000190005804100120007708200170008924500580010626000420016430000110020650400190021770000250023685000100026120260526103637.0131103s9999 xx 000 0 und d aLoreto College aEnglish a821.08AbWRI 2aA book of Australian VersecSelected by Judith Wright aLondonbOxford university pressc1956 a266p.  aincludes index aWright, Judith; com. aLCLIB